• 首页
  • 本馆介绍
  • 公告通知
  • 最新文献
  • 馆藏检索
  • 电子资源
  • 读者导购
  • 参考咨询
  • 我的图书馆
  • 登录
  • 详细信息显示
  • 放入我的书架
  • 预约/预借图书
  • 作者相关作品
  • 分类相关作品
  • 丛书相关作品
  • 出版社相关作品

书目信息

  • 表格格式
  • 工作单格式
  • 卡片格式
书名: CARPENTRY
作者: LEONARD KOEL.
分册号:
分册名:
出版地: HOMEWOOD :
 
出版社: American Technical Publishers,Inc
出版时间: 1997.
页数: 721 p. ;
开本: 29cm.
丛书名:
中图分类号:
科图分类号:
其他分类号: TS6
主题词:
电子资源:
000 00433nam 2200169 a 4500
001 E0738132594
005 20070421104839.85
008 070421s1997 00010 eng
020    @a0-8269-0735-0.
040    @aPFT@beng
090    @aTS6
099    @dTS6@ex6
245    @aCARPENTRY / @cLEONARD KOEL.
250    @a3rd ed.
260    @aHOMEWOOD :@bAmerican Technical Publishers,Inc.,@c1997.
300    @a721 p. ;@c29cm.
700    @aKOEL,LEONARD
    
    CARPENTRY / / LEONARD KOEL.-3rd ed.-HOMEWOOD : : American Technical Publishers,Inc., , 1997.
    721 p. ; ; 29cm.
    
    
    ISBN 0-8269-0735-0.
    
●
相关链接 在E读中查询图书 在五车中查询图书 在当当中查询图书 在豆瓣中查询图书


正题名:CARPENTRY     索取号:TS6/x6         预约/预借

序号 登录号 条形码 馆藏地/架位号 状态 备注
1 4349   300043496   第二样本阅览室/ [索取号:TS6/x6] 在馆    
2 4350   300043502   第四借阅区/ [索取号:TS6/x6] 在馆    
3 4351   300043511   第四借阅区/ [索取号:TS6/x6] 在馆    
唐山师范学院图书馆 欢迎您!
大连网信软件有限公司© 版权所有